Fr. Conceicao Rodrigues College of Engineering

Control system:continuous and discrete (Record no. 31583)

MARC details
000 -LEADER
fixed length control field 00326nam a2200145Ia 4500
082 ## - DEWEY DECIMAL CLASSIFICATION NUMBER
Classification number 629.8312
Item number BUC
100 ## - MAIN ENTRY--PERSONAL NAME
Personal name Bucek/Victor J
245 ## - TITLE STATEMENT
Title Control system:continuous and discrete
260 ## - PUBLICATION, DISTRIBUTION, ETC.
Name of publisher, distributor, etc. prentice hall
Place of publication, distribution, etc. New Jersey
Date of publication, distribution, etc. 1989
300 ## - PHYSICAL DESCRIPTION
Extent 300
546 ## - LANGUAGE NOTE
Language note ENGLISH
654 ## - SUBJECT ADDED ENTRY--FACETED TOPICAL TERMS
Focus term discrete
942 ## - ADDED ENTRY ELEMENTS (KOHA)
Koha item type Reference Book
Holdings
Withdrawn status Lost status Damaged status Not for loan Collection Home library Current library Shelving location Date acquired Cost, normal purchase price Total Checkouts Full call number Barcode Date last seen Cost, replacement price Price effective from Koha item type
        CRC Fr. Agnel's C.Rodrigues College of Engineering Fr. Agnel's C.Rodrigues College of Engineering   17/03/2023 948.30   629.8312 BUC 2629 17/03/2023 948.30 17/03/2023 Reference Book